[Event "11. Open Club Ajedrez Villaverde"]
[Site "Madrid ESP"]
[Date "2009.07.06"]
[Round "5.1"]
[White "Nieto De La Cruz, Julio"]
[Black "Ramos Aldoradin, John Paul"]
[Result "1-0"]
[WhiteElo "2070"]
[BlackElo "2121"]
[PlyCount "95"]
[EventDate "2009.06.29"]
[EventType "swiss"]
[EventRounds "8"]
[EventCountry "ESP"]
[Source "lmi"]
[SourceDate "2009.06.29"]

1. d4 e6 2. c4 d5 3. Nc3 c6 4. e3 f5 5. Bd3 Nf6 6. Nge2 Bd6 7. Qc2 O-O 8. f3
dxc4 9. Bxc4 b5 10. Bb3 Kh8 11. O-O Qc7 12. g3 a5 13. a3 Na6 14. Bd2 Bd7 15. e4
fxe4 16. Nxe4 Nxe4 17. Qxe4 e5 18. g4 exd4 19. Bc2 g6 20. Bxa5 Bxh2+ 21. Kg2
Qe5 22. Qxd4 Qxd4 23. Nxd4 Be5 24. Bc3 Rae8 25. Rad1 c5 26. Ne2 Bc6 27. Rd6 Nb8
28. Bxe5+ Rxe5 29. Nc3 Rfe8 30. Ne4 c4 31. Rfd1 R5e6 32. Kg3 h6 33. Rxe6 Rxe6
34. Rd8+ Re8 35. Rxe8+ Bxe8 36. Nd6 Bc6 37. Bxg6 Na6 38. Be4 Bd7 39. Nf5 Nc5
40. Nxh6 Na4 41. Nf7+ Kg7 42. Ne5 Be8 43. f4 Nxb2 44. f5 b4 45. axb4 c3 46. g5
Bb5 47. f6+ Kf8 48. g6 1-0

[Event "11. Open Club Ajedrez Villaverde"]
[Site "Madrid ESP"]
[Date "2009.07.06"]
[Round "5.1"]
[White "Suarez Uriel, Adrian"]
[Black "Ramirez Garcia, Jorge Alberto"]
[Result "1/2-1/2"]
[WhiteElo "2113"]
[BlackElo "2224"]
[PlyCount "89"]
[EventDate "2009.06.29"]
[EventType "swiss"]
[EventRounds "8"]
[EventCountry "ESP"]
[Source "lmi"]
[SourceDate "2009.06.29"]

1. e4 e6 2. d4 d5 3. Nc3 Nf6 4. e5 Nfd7 5. f4 c5 6. Nf3 Nc6 7. Be3 a6 8. Qd2 b5
9. dxc5 Bxc5 10. Nd4 Qb6 11. Nce2 f6 12. Bg1 Nxd4 13. Bxd4 Bxd4 14. Qxd4 fxe5
15. fxe5 Qxd4 16. Nxd4 Nxe5 17. O-O-O Ke7 18. Bd3 Bd7 19. Rhe1 Kd6 20. Rd2 Rac8
21. Kb1 Rce8 22. Rde2 Nf7 23. Rf2 Nh6 24. b4 e5 25. Nb3 e4 26. Be2 Rhf8 27.
Rxf8 Rxf8 28. Nc5 Rf2 29. c4 bxc4 30. Bxc4 Bb5 31. Rd1 Ke7 32. Bxb5 axb5 33.
Rxd5 e3 34. Re5+ Kf7 35. Rxe3 Rxg2 36. Rf3+ Ke7 37. h3 Nf7 38. a4 bxa4 39. b5
Ne5 40. Rc3 a3 41. Rxa3 Rg1+ 42. Kc2 Rg2+ 43. Kd1 Rb2 44. Re3 Rxb5 45. Rxe5+
1/2-1/2

[Event "11. Open Club Ajedrez Villaverde"]
[Site "Madrid ESP"]
[Date "2009.07.06"]
[Round "5.1"]
[White "Hinojar Diez, David"]
[Black "Rodriguez Perez, Angel Mariano"]
[Result "1-0"]
[WhiteElo "2119"]
[BlackElo "2027"]
[PlyCount "93"]
[EventDate "2009.06.29"]
[EventType "swiss"]
[EventRounds "8"]
[EventCountry "ESP"]
[Source "lmi"]
[SourceDate "2009.06.29"]

1. d4 d6 2. c4 g6 3. Nc3 Bg7 4. e4 Nf6 5. f3 O-O 6. Be3 a6 7. Qd2 c6 8. h4 h5
9. O-O-O b5 10. Nh3 Qa5 11. Qc2 Nbd7 12. Nf2 Nb6 13. c5 Nc4 14. Bxc4 bxc4 15.
Qa4 Qxa4 16. Nxa4 Rb8 17. Nb6 Nd7 18. Nxc4 dxc5 19. dxc5 a5 20. b3 a4 21. Kc2
axb3+ 22. axb3 Ra8 23. Nd3 Ba6 24. Nc1 Ne5 25. Nb6 Rad8 26. Bd4 Nc4 27. bxc4
Bxd4 28. Nb3 Bf6 29. g3 Bb7 30. Nd7 Rde8 31. Nxf6+ exf6 32. Rd6 Ra8 33. Ra1
Rxa1 34. Nxa1 Ra8 35. Nb3 Ra2+ 36. Kc3 Kg7 37. Rd2 Rxd2 38. Nxd2 Bc8 39. Kb4 f5
40. Ka5 fxe4 41. Nxe4 f5 42. Nd6 Bd7 43. f4 Kf6 44. Kb6 Ke7 45. Kc7 Ke6 46. Nb7
g5 47. Nd8+ 1-0

[Event "11. Open Club Ajedrez Villaverde"]
[Site "Madrid ESP"]
[Date "2009.07.06"]
[Round "5.1"]
[White "Sanchez Alvarez, Jorge"]
[Black "Paarup, Torsten"]
[Result "1-0"]
[WhiteElo "2005"]
[BlackElo "2063"]
[PlyCount "72"]
[EventDate "2009.06.29"]
[EventType "swiss"]
[EventRounds "8"]
[EventCountry "ESP"]
[Source "lmi"]
[SourceDate "2009.06.29"]

1. c4 f5 2. g3 Nf6 3. Bg2 e6 4. Nc3 Be7 5. d3 O-O 6. e3 d6 7. Nge2 c6 8. O-O e5
9. d4 Qe8 10. e4 Qh5 11. f4 Na6 12. Bf3 Ng4 13. Bxg4 Qxg4 14. Be3 fxe4 15. Nxe4
Bf5 16. Nf2 Qf3 17. Qd2 exf4 18. Nxf4 Rae8 19. N2d3 Qe4 20. Nf2 Qc2 21. Qxc2
Bxc2 22. Ne6 Rf7 23. Rae1 Bf6 24. d5 Rfe7 25. Ng4 Bxb2 26. Re2 Nb4 27. Rff2 h6
28. a3 Bxa3 29. Bd4 Rxe6 30. dxe6 Bg6 31. Rf7 Nc2 32. Rxg7+ Kh8 33. Rxg6+ Nxd4
34. Rxh6+ Kg8 35. Nf6+ Kg7 36. Nxe8+ Kxh6 1-0

[Event "11. Open Club Ajedrez Villaverde"]
[Site "Madrid ESP"]
[Date "2009.07.06"]
[Round "5.1"]
[White "Serrano Pozo, Fermin"]
[Black "Vazquez Gonzalez, Jesus"]
[Result "0-1"]
[WhiteElo "1940"]
[BlackElo "2047"]
[PlyCount "68"]
[EventDate "2009.06.29"]
[EventType "swiss"]
[EventRounds "8"]
[EventCountry "ESP"]
[Source "lmi"]
[SourceDate "2009.06.29"]

1. Nf3 g6 2. c4 Bg7 3. g3 d6 4. Bg2 e5 5. Nc3 f5 6. d3 c6 7. Qc2 Ne7 8. Rb1 O-O
9. O-O h6 10. b4 g5 11. e3 Ng6 12. b5 h5 13. bxc6 bxc6 14. Ne1 Be6 15. Ba3 Rf7
16. Qe2 g4 17. Nc2 d5 18. cxd5 cxd5 19. Rb5 e4 20. dxe4 fxe4 21. Nxe4 a6 22.
Rbb1 dxe4 23. Bxe4 Ne5 24. Bxa8 Nbd7 25. Be4 Bc4 26. Qd1 Nf3+ 27. Kg2 Bxf1+ 28.
Kxf1 Qf6 29. Qe2 Qg5 30. Kg2 h4 31. Bd6 Qh5 32. Rh1 Nf6 33. Qc4 Nxe4 34. Qxe4
h3+ 0-1

[Event "11. Open Club Ajedrez Villaverde"]
[Site "Madrid ESP"]
[Date "2009.07.06"]
[Round "5.1"]
[White "Cruz Monzon, Jose"]
[Black "Sanchez Millan, Eduardo"]
[Result "1/2-1/2"]
[WhiteElo "2034"]
[BlackElo "1914"]
[PlyCount "33"]
[EventDate "2009.06.29"]
[EventType "swiss"]
[EventRounds "8"]
[EventCountry "ESP"]
[Source "lmi"]
[SourceDate "2009.06.29"]

1. d4 Nf6 2. c4 e6 3. g3 d5 4. Bg2 Be7 5. Nf3 O-O 6. O-O b6 7. Nbd2 Bb7 8. b3
Nbd7 9. Bb2 Rc8 10. Rc1 c5 11. dxc5 Nxc5 12. Ne5 Nfe4 13. cxd5 exd5 14. Nxe4
Nxe4 15. Rxc8 Qxc8 16. Nd3 Rd8 17. Qc1 1/2-1/2

[Event "11. Open Club Ajedrez Villaverde"]
[Site "Madrid ESP"]
[Date "2009.07.06"]
[Round "5.1"]
[White "Gutierrez Ramirez, Bruno"]
[Black "Ruiz Quevedo, Andres"]
[Result "1/2-1/2"]
[WhiteElo "2002"]
[BlackElo "1907"]
[PlyCount "79"]
[EventDate "2009.06.29"]
[EventType "swiss"]
[EventRounds "8"]
[EventCountry "ESP"]
[Source "lmi"]
[SourceDate "2009.06.29"]

1. e4 c5 2. Na3 e6 3. c3 d5 4. exd5 exd5 5. Nf3 Nf6 6. d4 Nc6 7. Bb5 Bd6 8. O-O
O-O 9. dxc5 Bxc5 10. b4 Bb6 11. Bg5 h6 12. Bh4 Bg4 13. h3 Be6 14. Nc2 g5 15.
Bxc6 bxc6 16. Bg3 Ne4 17. Be5 g4 18. hxg4 Bxg4 19. Qd3 Qd7 20. Ncd4 Rae8 21.
Bf4 f5 22. Ne5 Qg7 23. Nexc6 Rf6 24. a4 Rxc6 25. Nxc6 Nxc3 26. Rae1 Be2 27.
Qxf5 Rf8 28. Qe6+ Kh7 29. Rxe2 Nxe2+ 30. Qxe2 Rxf4 31. Qd3+ Kh8 32. Qxd5 Bxf2+
33. Rxf2 Qa1+ 34. Kh2 Rxf2 35. Qd8+ Kg7 36. Qd7+ Rf7 37. Qg4+ Kh7 38. b5 Rf1
39. Qe4+ Kg7 40. Qg4+ 1/2-1/2

[Event "11. Open Club Ajedrez Villaverde"]
[Site "Madrid ESP"]
[Date "2009.07.06"]
[Round "5.1"]
[White "Caballero Gallego, Luis"]
[Black "Corral Aragon, Juan Maria"]
[Result "1-0"]
[WhiteElo "1923"]
[BlackElo "1821"]
[PlyCount "73"]
[EventDate "2009.06.29"]
[EventType "swiss"]
[EventRounds "8"]
[EventCountry "ESP"]
[Source "lmi"]
[SourceDate "2009.06.29"]

1. e4 c6 2. Nc3 d5 3. Qf3 d4 4. Bc4 e6 5. Nce2 c5 6. Qg3 Nc6 7. Nf3 g6 8. O-O
h5 9. h4 Bg7 10. d3 Nge7 11. Bf4 O-O 12. Ng5 e5 13. Bd2 Na5 14. Bxa5 Qxa5 15.
f4 Bg4 16. Rae1 Qd2 17. fxe5 Bxe2 18. Qf2 Qe3 19. Rxe2 Qxf2+ 20. Rexf2 Nc6 21.
Nxf7 Kh7 22. e6 Be5 23. e7 Rfe8 24. Ng5+ Kh6 25. Nf7+ Kg7 26. Bb5 Rxe7 27. Bxc6
bxc6 28. Nxe5 Rxe5 29. Rf7+ Kh6 30. Rc7 Re6 31. Rff7 Rh8 32. Rxa7 g5 33. hxg5+
Kxg5 34. Rg7+ Kf4 35. Raf7+ Ke3 36. Rf2 h4 37. Rgf7 1-0

[Event "11. Open Club Ajedrez Villaverde"]
[Site "Madrid ESP"]
[Date "2009.07.06"]
[Round "5.1"]
[White "Camarero Izquierdo, Juan C"]
[Black "Nieto Esteban, Manuel"]
[Result "1-0"]
[WhiteElo "1906"]
[BlackElo "1825"]
[PlyCount "72"]
[EventDate "2009.06.29"]
[EventType "swiss"]
[EventRounds "8"]
[EventCountry "ESP"]
[Source "lmi"]
[SourceDate "2009.06.29"]

1. e4 e5 2. Nc3 Nc6 3. Bc4 Nf6 4. d3 h6 5. f4 Bc5 6. f5 a6 7. Nf3 d6 8. h3 Na5
9. g4 Nxc4 10. dxc4 Bd7 11. g5 hxg5 12. Bxg5 Bc6 13. Qe2 Qe7 14. O-O-O O-O-O
15. h4 Rh5 16. Nxe5 Rdh8 17. Nxc6 bxc6 18. Rhe1 Qe5 19. Na4 Nd7 20. Qf3 Nb6 21.
Nxb6+ Bxb6 22. f6 g6 23. Qb3 R8h7 24. Qa4 Kb7 25. Kb1 Bf2 26. Rf1 Bxh4 27. Bxh4
Rxh4 28. a3 Rxe4 29. Rf3 Qc5 30. Rb3+ Ka7 31. Rc3 Rhh4 32. b4 Qb6 33. c5 Rxb4+
34. axb4 Rxb4+ 35. Kc1 Rxa4 36. cxb6+ Kxb6 1-0

[Event "11. Open Club Ajedrez Villaverde"]
[Site "Madrid ESP"]
[Date "2009.07.06"]
[Round "5.1"]
[White "De Armentia Roldan, Benigno"]
[Black "Cortijo Manso, Luis"]
[Result "1-0"]
[WhiteElo "1867"]
[BlackElo "1696"]
[PlyCount "73"]
[EventDate "2009.06.29"]
[EventType "swiss"]
[EventRounds "8"]
[EventCountry "ESP"]
[Source "lmi"]
[SourceDate "2009.06.29"]

1. d4 Nf6 2. Nf3 g6 3. g3 Bg7 4. Bg2 O-O 5. O-O c6 6. c4 d5 7. Nc3 Nbd7 8. Qc2
Qc7 9. Bf4 Qd8 10. Rfd1 dxc4 11. e4 Nb6 12. a4 a5 13. d5 cxd5 14. Nb5 Nxe4 15.
Bc7 Qd7 16. Bxb6 Qc6 17. Bd4 f6 18. Nd2 Bf5 19. Nxe4 dxe4 20. Be3 Rfd8 21. Nd4
Qc8 22. Nxf5 gxf5 23. Rxd8+ Qxd8 24. Qxc4+ Kf8 25. Rc1 b6 26. Qd4 Qb8 27. Qxb6
Qxb6 28. Bxb6 Rb8 29. Bxa5 Rxb2 30. Bc3 Rb3 31. Bf1 Bh6 32. Rc2 e3 33. a5 exf2+
34. Kxf2 Ra3 35. a6 Bg5 36. Bd4 f4 37. a7 1-0

[Event "11. Open Club Ajedrez Villaverde"]
[Site "Madrid ESP"]
[Date "2009.07.07"]
[Round "6.1"]
[White "Lopez De Turiso, Jose Angel"]
[Black "Nieto De La Cruz, Julio"]
[Result "1/2-1/2"]
[WhiteElo "2093"]
[BlackElo "2070"]
[PlyCount "50"]
[EventDate "2009.06.29"]
[EventType "swiss"]
[EventRounds "8"]
[EventCountry "ESP"]
[Source "lmi"]
[SourceDate "2009.06.29"]

1. Nf3 c5 2. c4 g6 3. Nc3 Bg7 4. e3 Nf6 5. Be2 O-O 6. d4 cxd4 7. exd4 d5 8. Bg5
dxc4 9. Bxc4 Nbd7 10. Qd2 Nb6 11. Bb3 Bf5 12. O-O Rc8 13. Rfe1 a6 14. h3 Rc7
15. Rad1 Re8 16. Bf4 Rc8 17. d5 Nc4 18. Qe2 Nd6 19. Nd4 Bd7 20. g4 Rc7 21. f3
Rc8 22. Kh1 Qb6 23. Be3 Qc7 24. Bf4 Qb6 25. Be3 Qc7 1/2-1/2

[Event "11. Open Club Ajedrez Villaverde"]
[Site "Madrid ESP"]
[Date "2009.07.07"]
[Round "6.1"]
[White "Ramirez Garcia, Jorge Alberto"]
[Black "Hinojar Diez, David"]
[Result "0-1"]
[WhiteElo "2224"]
[BlackElo "2119"]
[PlyCount "72"]
[EventDate "2009.06.29"]
[EventType "swiss"]
[EventRounds "8"]
[EventCountry "ESP"]
[Source "lmi"]
[SourceDate "2009.06.29"]

1. e4 c5 2. c3 d6 3. d4 cxd4 4. cxd4 g6 5. Nc3 Bg7 6. Be3 Nf6 7. h3 O-O 8. Nge2
Nc6 9. g4 Rb8 10. Bg2 Qa5 11. O-O h6 12. Rc1 Bd7 13. d5 Ne5 14. b3 Qa6 15. Qd2
g5 16. f4 gxf4 17. Bxf4 Nd3 18. Bxh6 Nxc1 19. Qxc1 Nh7 20. Ng3 Bd4+ 21. Kh1
Rfc8 22. Qf4 Qxf1+ 23. Bxf1 Be5 24. Qf2 Rxc3 25. Nf5 Bxf5 26. Qxf5 Rbc8 27. Bd2
Rc2 28. Bd3 Rxd2 29. Qxc8+ Kg7 30. h4 Rxd3 31. Qxb7 Nf6 32. Qxa7 Nxe4 33. Kg2
Rg3+ 34. Kf1 Rxg4 35. Qxe7 Nc3 36. a4 Bd4 0-1

[Event "11. Open Club Ajedrez Villaverde"]
[Site "Madrid ESP"]
[Date "2009.07.07"]
[Round "6.1"]
[White "Vazquez Gonzalez, Jesus"]
[Black "Pastor Alonso De Prado, Alberto E"]
[Result "0-1"]
[WhiteElo "2047"]
[BlackElo "2145"]
[PlyCount "121"]
[EventDate "2009.06.29"]
[EventType "swiss"]
[EventRounds "8"]
[EventCountry "ESP"]
[Source "lmi"]
[SourceDate "2009.06.29"]

1. e4 e5 2. Nf3 Nc6 3. d4 exd4 4. Nxd4 d6 5. Bc4 Nf6 6. O-O Be7 7. Nc3 O-O 8.
Re1 Nxd4 9. Qxd4 c6 10. Bf4 Ne8 11. Rad1 Be6 12. Bd3 Qa5 13. e5 d5 14. Bd2 Qb6
15. Qxb6 axb6 16. a3 Nc7 17. f4 f5 18. exf6 Bxf6 19. f5 Bxf5 20. Bxf5 Bd4+ 21.
Be3 Bxe3+ 22. Rxe3 Rxf5 23. Re7 Rf7 24. Rde1 d4 25. Rxf7 Kxf7 26. Ne4 Rd8 27.
Ng5+ Kf6 28. h4 h6 29. Rf1+ Kg6 30. Nf7 Rd5 31. g4 Kh7 32. g5 hxg5 33. Nxg5+
Kg6 34. Rf8 Rc5 35. Rf2 Rf5 36. Rg2 Kh5 37. Ne4 Rf4 38. Rg5+ Kxh4 39. Rxg7 Rxe4
40. Rxc7 Re2 41. Rd7 Rd2 42. Kf1 c5 43. c3 dxc3 44. Rxd2 cxd2 45. Ke2 b5 46.
Kxd2 Kg4 47. Kc3 Kf4 48. a4 bxa4 49. Kc4 b6 50. Kb5 a3 51. bxa3 Ke5 52. a4 Kd6
53. Kxb6 c4 54. a5 c3 55. a6 c2 56. a7 c1=Q 57. a8=Q Qa3 58. Kb7 Qb4+ 59. Ka6
Qa4+ 60. Kb7 Qb5+ 61. Ka7 0-1

[Event "11. Open Club Ajedrez Villaverde"]
[Site "Madrid ESP"]
[Date "2009.07.07"]
[Round "6.1"]
[White "Ramos Aldoradin, John Paul"]
[Black "Suarez Uriel, Adrian"]
[Result "1/2-1/2"]
[WhiteElo "2121"]
[BlackElo "2113"]
[PlyCount "63"]
[EventDate "2009.06.29"]
[EventType "swiss"]
[EventRounds "8"]
[EventCountry "ESP"]
[Source "lmi"]
[SourceDate "2009.06.29"]

1. e4 c5 2. Nf3 g6 3. d3 Bg7 4. g3 Nc6 5. Bg2 e5 6. O-O Nge7 7. c3 O-O 8. Na3
d6 9. Nc2 h6 10. b3 f5 11. Bb2 Kh7 12. exf5 Nxf5 13. Ne3 Nce7 14. Qe2 Rb8 15.
Rfe1 b5 16. Nxf5 Nxf5 17. d4 exd4 18. cxd4 Re8 19. Qd2 c4 20. d5 Bxb2 21. Qxb2
cxb3 22. axb3 Qb6 23. b4 Bb7 24. g4 Ne7 25. Qb3 Nxd5 26. Qd3 Kh8 27. Qxg6 Re7
28. Qxh6+ Rh7 29. Qd2 Rf7 30. h3 a6 31. Qd4+ Qxd4 32. Nxd4 1/2-1/2

[Event "11. Open Club Ajedrez Villaverde"]
[Site "Madrid ESP"]
[Date "2009.07.07"]
[Round "6.1"]
[White "Ruiz Quevedo, Andres"]
[Black "Caballero Gallego, Luis"]
[Result "1/2-1/2"]
[WhiteElo "1907"]
[BlackElo "1923"]
[PlyCount "156"]
[EventDate "2009.06.29"]
[EventType "swiss"]
[EventRounds "8"]
[EventCountry "ESP"]
[Source "lmi"]
[SourceDate "2009.06.29"]

1. e4 c5 2. Nf3 d6 3. d4 cxd4 4. Nxd4 Nf6 5. Nc3 a6 6. g3 g6 7. Bg2 Bg7 8. O-O
O-O 9. a4 Nc6 10. Nde2 Bd7 11. b3 Rc8 12. Bb2 Qc7 13. Nd5 Nxd5 14. Bxg7 Ne3 15.
fxe3 Kxg7 16. c4 Ne5 17. a5 Bg4 18. Qd2 Bxe2 19. Qxe2 Qc5 20. Bh3 Rc7 21. Qd2
b5 22. axb6 Qxb6 23. Qc3 Rb8 24. Rfb1 Qb4 25. Qd4 Qd2 26. Bf1 Qxd4 27. exd4
Nf3+ 28. Kg2 Nxd4 29. b4 Nc2 30. Rxa6 Rxb4 31. Rxb4 Nxb4 32. Rb6 Nc6 33. h3 Ne5
34. Rb4 Ra7 35. Rb2 Ra3 36. Rc2 Re3 37. c5 dxc5 38. Rxc5 Rxe4 39. Ra5 Nc4 40.
Bxc4 Rxc4 41. h4 f6 42. Kh3 h6 43. Ra7 Kf7 44. Ra8 f5 45. Rh8 Kg7 46. Ra8 Rc3
47. Ra4 g5 48. hxg5 hxg5 49. Kg2 g4 50. Ra6 Kf7 51. Rh6 e5 52. Rh7+ Kg6 53. Re7
Kf6 54. Re8 f4 55. gxf4 exf4 56. Rf8+ Ke5 57. Re8+ Kd4 58. Rd8+ Ke4 59. Re8+
Kd3 60. Rd8+ Ke2 61. Re8+ Re3 62. Rf8 Rg3+ 63. Kh2 Kf3 64. Ra8 Rg2+ 65. Kh1 Re2
66. Ra3+ Re3 67. Ra1 g3 68. Rb1 Re2 69. Kg1 g2 70. Rb3+ Kg4 71. Rg3+ Kf5 72.
Rxg2 Re3 73. Kf2 Ke4 74. Rg8 Ra3 75. Re8+ Kf5 76. Rf8+ Kg5 77. Rg8+ Kh5 78.
Rh8+ Kg5 1/2-1/2

[Event "11. Open Club Ajedrez Villaverde"]
[Site "Madrid ESP"]
[Date "2009.07.07"]
[Round "6.1"]
[White "De Armentia Roldan, Benigno"]
[Black "Sotoca Aguado, Jose"]
[Result "0-1"]
[WhiteElo "1867"]
[BlackElo "2038"]
[PlyCount "80"]
[EventDate "2009.06.29"]
[EventType "swiss"]
[EventRounds "8"]
[EventCountry "ESP"]
[Source "lmi"]
[SourceDate "2009.06.29"]

1. d4 Nf6 2. Nf3 e6 3. g3 b6 4. Bg2 Bb7 5. O-O Be7 6. c4 O-O 7. Qc2 d6 8. Nc3
Nbd7 9. e4 Qc8 10. e5 dxe5 11. dxe5 Ng4 12. Bf4 Bxf3 13. Bxf3 Ngxe5 14. Bxa8
Qxa8 15. Qe4 Qxe4 16. Nxe4 f5 17. Bg5 Nf3+ 18. Kg2 Nxg5 19. Rad1 Nb8 20. Nc3 a6
21. f4 Ne4 22. Nxe4 fxe4 23. Rfe1 Rd8 24. Rxd8+ Bxd8 25. c5 Kf7 26. Rxe4 Bf6
27. Kf3 b5 28. a4 Nc6 29. axb5 axb5 30. Re1 Bxb2 31. Rb1 Bf6 32. Ke4 b4 33. Kd3
Bc3 34. Kc4 Ke7 35. Rd1 e5 36. Kd5 Na5 37. fxe5 c6+ 38. Ke4 b3 39. g4 b2 40.
Kd3 Bxe5 0-1

[Event "11. Open Club Ajedrez Villaverde"]
[Site "Madrid ESP"]
[Date "2009.07.07"]
[Round "6.1"]
[White "Rodriguez Perez, Angel Mariano"]
[Black "Avendano Mateos, Jose"]
[Result "1-0"]
[WhiteElo "2027"]
[BlackElo "1889"]
[PlyCount "80"]
[EventDate "2009.06.29"]
[EventType "swiss"]
[EventRounds "8"]
[EventCountry "ESP"]
[Source "lmi"]
[SourceDate "2009.06.29"]

1. d3 d5 2. g3 e5 3. Bg2 g6 4. c4 dxc4 5. Qa4+ c6 6. Qxc4 Be6 7. Qc2 Bg7 8. Nc3
Ne7 9. Nf3 O-O 10. O-O h6 11. b3 Na6 12. Bb2 Qc7 13. a3 Rac8 14. b4 Qb8 15. Ne4
Nf5 16. Rac1 Rfd8 17. Ba1 Nd6 18. Nxd6 Qxd6 19. Nd2 Bd5 20. Bxd5 Qxd5 21. Qc4
Nc7 22. Qxd5 cxd5 23. Nb3 b6 24. f4 exf4 25. Bxg7 Kxg7 26. gxf4 Nb5 27. Kf2 g5
28. a4 Nd6 29. Nd4 Kg6 30. Nc6 Re8 31. Nxa7 Ra8 32. Rc7 gxf4 33. Rfc1 Re6 34.
R1c6 Rae8 35. Rc2 Kf5 36. Nc6 Kg4 37. Nd4 Rf6 38. a5 bxa5 39. bxa5 Kh3 40. a6
Nb5 1-0

[Event "11. Open Club Ajedrez Villaverde"]
[Site "Madrid ESP"]
[Date "2009.07.07"]
[Round "6.1"]
[White "Tevar Sanz, Gonzalo"]
[Black "Gutierrez Ramirez, Bruno"]
[Result "1-0"]
[WhiteElo "1845"]
[BlackElo "2002"]
[PlyCount "61"]
[EventDate "2009.06.29"]
[EventType "swiss"]
[EventRounds "8"]
[EventCountry "ESP"]
[Source "lmi"]
[SourceDate "2009.06.29"]

1. d4 e6 2. Nf3 Nf6 3. Bf4 c5 4. e3 Qb6 5. Qc1 Nc6 6. c3 d5 7. Bd3 Ne4 8. Nbd2
f5 9. Ne5 Nxe5 10. Bxe5 Bd6 11. Nf3 O-O 12. O-O Bd7 13. Bxd6 Qxd6 14. Ne5 c4
15. Bc2 Qe7 16. f3 Nd6 17. Re1 Bc6 18. e4 fxe4 19. fxe4 Qh4 20. Nf3 Qg4 21. Ne5
Qh4 22. Nxc6 bxc6 23. exd5 exd5 24. Qe3 Rae8 25. Qd2 Ne4 26. Bxe4 Rxe4 27. Rxe4
Qxe4 28. Re1 Qf4 29. Qe2 Rb8 30. Qe7 Rxb2 31. Rf1 1-0

[Event "11. Open Club Ajedrez Villaverde"]
[Site "Madrid ESP"]
[Date "2009.07.07"]
[Round "6.1"]
[White "Ramos Del Campo, Alexander"]
[Black "Garcia-Ines Sanchez, Gustavo"]
[Result "1-0"]
[WhiteElo "1918"]
[BlackElo "1791"]
[PlyCount "55"]
[EventDate "2009.06.29"]
[EventType "swiss"]
[EventRounds "8"]
[EventCountry "ESP"]
[Source "lmi"]
[SourceDate "2009.06.29"]

1. e4 Nf6 2. Nc3 g6 3. e5 Ng8 4. d4 e6 5. Nf3 b6 6. Be2 Bb7 7. Bg5 Be7 8. Be3
f6 9. Qd2 Nc6 10. O-O-O f5 11. h4 h6 12. d5 Nb4 13. d6 cxd6 14. exd6 Bf6 15.
Bd4 Rc8 16. Ne5 Bxe5 17. Bxe5 Rh7 18. Bf4 Nd5 19. Nxd5 Bxd5 20. Kb1 Rc5 21. Rh3
Bxg2 22. Rg3 Be4 23. Rxg6 Kf7 24. Rxg8 Qxg8 25. Bh5+ Kf6 26. Qd4+ e5 27. Bxe5+
Rxe5 28. f4 1-0

[Event "11. Open Club Ajedrez Villaverde"]
[Site "Madrid ESP"]
[Date "2009.07.07"]
[Round "6.1"]
[White "Corral Aragon, Juan Maria"]
[Black "Martinez Miura, Enrique"]
[Result "1-0"]
[WhiteElo "1821"]
[BlackElo "1735"]
[PlyCount "83"]
[EventDate "2009.06.29"]
[EventType "swiss"]
[EventRounds "8"]
[EventCountry "ESP"]
[Source "lmi"]
[SourceDate "2009.06.29"]

1. e4 e6 2. Qe2 g6 3. d4 Bg7 4. Nf3 Ne7 5. Be3 c5 6. Nc3 cxd4 7. Bxd4 Bxd4 8.
Nxd4 a6 9. h4 Nbc6 10. O-O-O Nxd4 11. Rxd4 Nc6 12. Rd6 Qe7 13. e5 b5 14. f4 f5
15. h5 b4 16. Nd5 exd5 17. hxg6 Bb7 18. g7 Qxg7 19. Qh5+ Ke7 20. Qxf5 Rad8 21.
g3 Nd4 22. Qh3 Ne6 23. Bxa6 Bxa6 24. Rxa6 Rc8 25. f5 Qxe5 26. fxe6 dxe6 27.
Qh4+ Kd7 28. Qxb4 Rxc2+ 29. Kxc2 Qe2+ 30. Kb1 Qxa6 31. Qd4 Ra8 32. Rxh7+ Kc6
33. Qc3+ Qc4 34. Qxc4+ dxc4 35. Rh1 Rg8 36. Rg1 Kd5 37. Kc2 Ke4 38. Kc3 Kf3 39.
Re1 Re8 40. Kxc4 Kxg3 41. b4 Rc8+ 42. Kb3 1-0